LIBRARY & INFORMATION CENTRE, KCAET, TAVANUR

ONLINE PUBLIC ACCESS CATALOGUE (OPAC)

Natural resource economics: Theory and application in India / (Record no. 11118)

MARC details
000 -LEADER
fixed length control field 00678cam a2200241ua 4500
020 ## - INTERNATIONAL STANDARD BOOK NUMBER
ISBN 81-204-1095-5
041 ## - LANGUAGE CODE
Language code of text/sound track or separate title eng
082 ## - DEWEY DECIMAL CLASSIFICATION NUMBER
Classification number 333.7
Item number KER/NA
100 ## - MAIN ENTRY--AUTHOR NAME
Personal name Kerr, John M .
245 00 - TITLE STATEMENT
Title Natural resource economics: Theory and application in India /
250 ## - EDITION STATEMENT
Edition statement 1 /
260 ## - PUBLICATION, DISTRIBUTION, ETC. (IMPRINT)
Place of publication New Delhi :
Name of publisher Oxford & IBH Publishing company ,
Year of publication 1997.
300 ## - PHYSICAL DESCRIPTION
Number of Pages 636 ; .
500 ## - GENERAL NOTE
General note **Reference
700 1# - ADDED ENTRY--PERSONAL NAME
Personal name Bentley, William R .
700 1# - ADDED ENTRY--PERSONAL NAME
Personal name Katar, Singh .
700 1# - ADDED ENTRY--PERSONAL NAME
Personal name Marothia, Dinesh K .
700 1# - ADDED ENTRY--PERSONAL NAME
Personal name Ramasamy, C .
942 ## - ADDED ENTRY ELEMENTS (KOHA)
Koha item type Books
Holdings
Withdrawn status Lost status Damaged status Home library Current library Date acquired Full call number Accession Number Koha item type
      KAUAET KAUAET 07/04/2012 333.7 20393 Reference
free website counter